Estadísticas para Capitales de los Países con las Economías más Grandes

Haz click aquí para intentar la prueba.

Estadísticas generales

  • Esta prueba ha sido intentada 3.372 veces
    (2.909 desde el último reinicio)
  • La puntuación promedio es 17 de 22

Estadísticas de respuestas

PaísCapital% Correcto
Estados UnidosWashington D.C.
98%
ChinaPekín
97%
AlemaniaBerlín
96%
FranciaParís
96%
EspañaMadrid
95%
RusiaMoscú
94%
JapónTokio
93%
Reino UnidoLondres
92%
ItaliaRoma
92%
BrasilBrasilia
89%
IndiaNueva Delhi
85%
CanadáOttawa
84%
MéxicoCiudad de México
81%
AustraliaCanberra
77%
Corea del SurSeúl
74%
EgiptoEl Cairo
60%
TurquíaAnkara
58%
IndonesiaYakarta
58%
Arabia SauditaRiad
53%
IránTeherán
47%
TailandiaBangkok
45%
TaiwánTaipéi
34%

Distribución de puntuación

Porcentaje por número respondido

Porcentaje de gente con cada puntuación

Historial de tus puntuaciones

No has intentado esta prueba desde el último reinicio